Aude - mort subite - Statistiques

Statistiques générales
  • Ce quiz a été pris 47 fois
    10 depuis la dernière actualisation
  • Le résultat moyen est 10 sur 18
Answers on the Grid
Answers color-coded by a green-red scale on the quiz's grid according to % correct below.
Troyes
Carcassonne
Narbonne
Le Canal du Midi
Béziers
Montpellier
Sète
Château l'Hospitalet
Lézignan-Corbières
Cracovie
Cordoue
Tarbes
Pic de Madrès
Axat
La Rochelle
Massy
Pérouse
Minervois
Le site d'un raid magyar
La Montagne Noire
Lagrasse
Un ancien champion national du Rugby à XV
Palerme
Les Gorges de l'Aude
Médine
Jhang
Une mine d'or
Une montagne de 2000 m
Couiza
Murcie
Trouillas
Tyr
Brême
Limoux
Espéraza
Castelnaudary
 
Statistiques - réponses
Réponse % Correct
Narbonne
100%
Carcassonne
89%
Le Canal du Midi
89%
Lagrasse
67%
La Montagne Noire
67%
Lézignan-Corbières
67%
Minervois
67%
Axat
56%
Castelnaudary
56%
Vignoble Château l'Hospitalet
56%
Limoux
56%
Les Gorges de l'Aude
44%
Couiza
33%
Espéraza
33%
2469 m Pic de Madrès
33%
Quillan Un ancien champion national du Rugby à XV
22%
Madrès Une montagne de 2000 m
22%
Xe siècle Le site d'un raid magyar
11%
Aucun quiz correspondant
Distribution des résultats
% des personnes avec chaque résultat
Percentile par nombre de réponses
Votre historique - résultats
Vous n’avez pas pris ce quiz depuis la dernière actualisation